| 000 | 01167nam0a22002531 4500 | ||
|---|---|---|---|
| 001 | rc\3982259 | ||
| 005 | 20260407025946.0 | ||
| 021 |
_aRU _b[56-49617] |
||
| 035 | _a(NLR Aleph) 008061977 | ||
| 090 |
_a9008576 _c9008576 |
||
| 100 | _a20130415d1956 |||y0rusy50 ca | ||
| 101 | 0 | _arus | |
| 102 | _aRU | ||
| 105 | _aa z ||||| | ||
| 200 | 1 |
_aПроект № 1652-3 свинарника-маточника на 30 свиноматок с котельной _e(Перекрытие совмещенное из сборного железобетона) _fМ-во гор. и сельского строительства Латв. ССР. Латв. гос. ин-т проектирования сельского строительства "Латгипросельстрой" |
|
| 210 |
_aРига _cБ. и. _d1956 |
||
| 215 |
_a66 с., 23 с. черт. _d29 |
||
| 606 |
_aСвинарники _jПроекты и чертежи _2psbo |
||
| 712 | 0 | 2 |
_a"Латгипросельстрой", институт _cРига _9521293 _3RU\NLR\AUTH\8810011785 |
| 801 | 0 |
_aRU _bNLR _gpsbo |
|
| 801 | 1 |
_aRU _bELAR _2rusmarc |
|
| 852 |
_aNLR _jТ80 Г-8/2869 |
||
| 942 | _cBOOK | ||
| 980 | _aNB | ||